High Ground Scene- Revenge of the Sith word fill in - Statistics

General Stats
  • This quiz has been taken 271 times
  • The average score is 14 of 16
Answer Stats
Hint Answer % Correct
Obi Wan I
98%
Anakin You
97%
Obi Wan Anakin!
95%
Obi Wan have
95%
Obi Wan it!
95%
Obi Wan the
95%
Obi Wan ground!
94%
Obi Wan high
94%
Anakin My
92%
Obi Wan Don't
91%
Obi Wan It's
90%
Obi Wan Over
90%
Obi Wan try
90%
Anakin Power!
89%
Anakin Underestimate
88%
Anakin Ahhhh!
48%
No matching quizzes found
Score Distribution
Percent of People with Each Score
Percentile by Number Answered
Your Score History
You have not taken this quiz